| 000 | 00740nam a22001937a 4500 | ||
|---|---|---|---|
| 999 |
_c17630 _d17630 |
||
| 003 | AR-CdUCM | ||
| 008 | 190328b ||||| |||| 00| 0 spa d | ||
| 040 |
_aMUNICIPALIDAD PROVINCIAL DEL CUSCO _cBIBLIOTECA MUNICIPAL DEL CUSCO |
||
| 082 |
_a327.7 / _bL25 |
||
| 100 |
_aLarco Herrera, Rafael _926024 |
||
| 245 | _aAmérica en las Trincheras de la Democracia / | ||
| 260 |
_aLima : _c1946. |
||
| 300 |
_a255 páginas ; _c21 cm |
||
| 505 | _aContenido: Síntesis de mi viaje continental del año 1941 --Binomio de la victoria y binomio de la derrota -- De la carta del atlántico a la conferencia de San Francisco ... | ||
| 650 |
_aDemocracia _92598 |
||
| 650 |
_aAmérica Latina _91130 |
||
| 942 |
_2ddc _cLIBROS |
||
| 945 |
_aacv _d2019-05-09 |
||